Sports Quiz

Random Sports or World Quiz

2002 World Cup Team of the Tournament Quiz Stats

 Plays Quiz not verified by Sporcle

Challenge
Share
Tweet
Embed
Score 0/16 Timer 08:00
0 Plays Today
Position Player name % Correct
StrikerRonaldo
96.6%
GoalkeeperOliver Kahn
82.4%
MidfielderRonaldinho
82%
MidfielderRivaldo
75.9%
StrikerMiroslav Klose
72.9%
DefenderRoberto Carlos
66.6%
MidfielderMichael Ballack
66.3%
DefenderSol Campbell
36.3%
Position Player name % Correct
GoalkeeperRüştü Reçber
36.1%
StrikerEl Hadji Diouf
29%
StrikerHasan Şaş
25.4%
DefenderFernando Hierro
16.8%
DefenderAlpay Özalan
11.7%
MidfielderClaudio Reyna
9.8%
DefenderHong Myung-Bo
8.3%
MidfielderYoo Sang-Chul
2.9%

You're not logged in!

Compare scores with friends on all Sporcle quizzes.
Join for Free
OR
Log In

You Might Also Like...

Show Comments

Extras

Top Quizzes Today


Score Distribution

Your Account Isn't Verified!

In order to create a playlist on Sporcle, you need to verify the email address you used during registration. Go to your Sporcle Settings to finish the process.

Report this User

Report this user for behavior that violates our Community Guidelines.

Details: